Presidents (up to 2017) - Statistics

General Stats
  • This quiz has been taken 276 times
  • The average score is 31 of 44
Answer Stats
Hint Answer % Correct
1st- "Father of our country". On Dollar & Quarter Washington
97%
3rd- Wrote Declaration of Independence. Died on SAME DAY as 2nd president Jefferson
92%
2nd- First president to live in White House. Cousin to Sam Adams
90%
44th- First African-American president. From Hawaii. Obama
89%
45th- President starting Jan. 2017. Defeated wife of 42nd president in 2016 Trump
89%
42nd- 2nd president to be impeached. Husband of 2016 candidate. Clinton
85%
16th- Led the Union during Civil War. On penny and five-dollar bill Lincoln
85%
35th- Assassinated on November 22, 1963 in Dallas. Known by 3 letter name. Kennedy
84%
40th- Actor and Governor of California Reagan
82%
37th- Only president to resign Nixon
81%
41st- Fall of Berlin Wall and Collapse of Soviet Union during term George H.W. Bush
79%
7th- On $20 bill. Signed Indian Removal Act of 1830. Jackson
79%
4th- "Father of the Constitution" and one of the Federalist Papers writers Madison
79%
34th- Built the Interstate Freeway System Eisenhower
78%
43rd-- Son of 41st president. George W. Bush
78%
39th- Peanut Farmer from Georgia Carter
76%
38th - Played football at The University of Michigan Ford
75%
32nd- Gave "imfamy" speech on December 8, 1941 Franklin Roosevelt
75%
31st "Mister we could use a man like Herbert ------ Again" Hoover
75%
26th- Charged up San Juan Hill. Distant Cousin (Fifth) to 32nd President Theodore Roosevelt
75%
5th- Negotiated Lousiana Purchase Monroe
74%
33rd- Beat Dewey. Dropped the Atom Bombs on Japan Truman
74%
18th- Civil War General. Created Dept. of Justice. Oversaw 15th Amendment. Grant
70%
6th- 2nd president's son. Won by disputed election- Picked by House of Representatives. Quincy-Adams
69%
28th- President during World War 1. Introduced Income Tax Wilson
68%
22nd AND 24th- Served 2 terms non-consecutively. Married 21-year-old while in office... Cleveland
67%
36th- Signed Medicare Act and Civil Rights Act. Sent ground troops to Vietnam. "Daisy Ad 1964" Lyndon Johnson
66%
11th- Acquired New Mexico, California, and Oregon for USA Polk
66%
27th- Also a Supreme Court Justice. Known as "The fattest" president. Over 350 pounds! Taft
64%
8th- Ordered return of Slaves back to Africa from Amistad ship Van Buren
64%
30th - A man bet him he wouldn't say three words. "Silent Cal" said "You lose" Coolidge
62%
12th- General During Mexican-American War. Died in office Taylor
62%
20th- Main focus was Civil Service Reform. Assassinated in 1881 Garfield
61%
10th- first Vice President to take over after death. With Tippicanoe Tyler
61%
15th- only president not to get married Buchanan
60%
25th- Acquired Puerto Rico, Guam, and Philippines. Assassinated in Buffalo McKinley
59%
14th- Enforced Fugitive Slave Act. Acquired Southern Arizona and Southern New Mexico Pierce
58%
13th- Signed Compromise of 1850, which (briefly) helped North-South relations. Fillmore
56%
29th- Died in Office. Term filled with scandals. Harding
55%
19th- Won by only ONE electoral vote in most disputed election in history Hayes
55%
17th- Impeached Andrew Johnson
54%
21st- Signed Pendleton Civil Service Act, which made civil jobs based on merit. Arthur
53%
9th- Died after only 30 days in office. William Harrison
47%
23rd- 9th president's Grandson Benjamin Harrison
45%
No matching quizzes found
Score Distribution
Percent of People with Each Score
Percentile by Number Answered
Your Score History
You have not taken this quiz